En torno a los modelos electorales

Detalles Bibliográficos
Autor principal: Cestelos Gonzl̀ez, Eduardo
Formato: eBook
Lenguaje:español
Publicado: Ciudad de Mx̌ico: Cm̀ara de Diputados, 2008
Materias:
Acceso en línea:Acceso restringido

MARC

LEADER 00000nam a22000007a 4500
005 20180104160118.0
007 cr|||| ||||
008 180104s2008 mx |||||s|||| 00||0 spa d
020 |a 978-970-819-066-4 
035 |a 20939 
040 |a vLex 
090 |c 7354  |d 7354 
100 1 |a Cestelos Gonzl̀ez, Eduardo 
245 1 0 |a En torno a los modelos electorales  |h [Recurso electrn̤ico] /  |c Eduardo Cestelos Gonzl̀ez 
256 |a Servicio en ln̕ea 
260 |a Ciudad de Mx̌ico:  |b Cm̀ara de Diputados,  |c 2008 
300 |a 1 recurso electrn̤ico 
506 1 |a Disponible solo en los productos indicados  |d vLex Global  |d vLex Global (Academic Edition, excluding Law Schools)  |d vLex Global (U.S. Academic Edition, Law Schools)  |d vLex Global (U.S. Academic Edition, excluding Law Schools)  |d vLex Global (Academic Edition, Law Schools) 
650 0 4 |a Derecho Constitucional  |z Mx̌ico 
740 0 |a vLex Libros (Servicio en ln̕ea) 
856 4 0 |u http://vlex.com/source/torno-a-los-modelos-electorales-20939  |z Acceso restringido 
942 |c BOOK 
999 0 |a Constitutional law